000 00337nam a2200145Ia 4500
008 240624s9999 xx 000 0 und d
041 _aeng
082 _a658.812 CAD
100 _aCADOGAN JOHN
245 _aMARKETING STRATEGY
260 _c2009
_aNew Delhi
_bSage
300 _aliv, 350 p.; 23 cm.
365 _cBPS
_b38
440 _v4
999 _c30417
_d30417